Loading...
| Literature - World | 1 | 3 | 1 | 2 | 40 | 66 | 106.25 | 0 | 1 | 0.00 | 0.00 |
| History - Other | 0 | 4 | 0 | 1 | 40 | 78 | 101.75 | 2 | 2 | 0.00 | 0.00 |
| History - World | 1 | 2 | 0 | 0 | 35 | 39 | 71.00 | 0 | 3 | 0.00 | 0.00 |
| Pop Culture | 0 | 3 | 0 | 0 | 30 | 76 | 103.67 | 0 | 1 | 0.00 | 0.00 |
| Science - Chemistry | 0 | 3 | 0 | 0 | 30 | 106 | 130.00 | 0 | 1 | 0.00 | 0.00 |
| Science - Biology | 0 | 3 | 0 | 0 | 30 | 66 | 84.67 | 1 | 2 | 0.00 | 0.00 |
| Philosophy | 0 | 3 | 1 | 0 | 25 | 80 | 97.00 | 1 | 2 | 0.00 | 0.00 |
| Science - Physics | 0 | 2 | 0 | 0 | 20 | 84 | 87.00 | 0 | 2 | 0.00 | 0.00 |
| History - American | 0 | 2 | 1 | 0 | 15 | 91 | 104.00 | 0 | 1 | 0.00 | 0.00 |
| History - European | 0 | 2 | 1 | 0 | 15 | 87 | 107.00 | 0 | 2 | 0.00 | 0.00 |
| Fine Arts - Visual | 0 | 2 | 1 | 2 | 15 | 131 | 141.00 | 0 | 0 | 0.00 | 0.00 |
| Social Science | 0 | 2 | 2 | 0 | 10 | 67 | 79.00 | 0 | 2 | 0.00 | 0.00 |
| Literature - American | 0 | 1 | 0 | 1 | 10 | 134 | 134.00 | 0 | 0 | 0.00 | 0.00 |
| Mythology | 1 | 0 | 1 | 0 | 10 | 58 | 58.00 | 1 | 1 | 0.00 | 0.00 |
| Religion | 0 | 1 | 0 | 0 | 10 | 123 | 123.00 | 0 | 0 | 0.00 | 0.00 |
| Current Events | 0 | 1 | 0 | 0 | 10 | 92 | 92.00 | 0 | 1 | 0.00 | 0.00 |
| Literature - British | 0 | 1 | 2 | 0 | 0 | 116 | 116.00 | 0 | 0 | 0.00 | 0.00 |
| Fine Arts - Auditory | 0 | 1 | 2 | 0 | 0 | 86 | 86.00 | 0 | 1 | 0.00 | 0.00 |
| Literature - European | 0 | 1 | 2 | 1 | 0 | 122 | 122.00 | 0 | 1 | 0.00 | 0.00 |
| Science - Other | 0 | 0 | 1 | 0 | -5 | 0.00 | 0 | 0 | 0.00 | 0.00 |